Statistics for Top 20 Fulham Goalscorers in the Premier League

Click here to take the quiz!

General Stats

  • This quiz has been taken 15 times
  • The average score is 9 of 20

Answer Stats

NPlayerNationalityGoals% Correct
4Aleksandar MitrovicSerbian28
100%
1Clint DempseyAmerican50
100%
9Dimitar BerbatovBulgarian19
83%
2Brian McBrideAmerican32
58%
5Louis SahaFrench26
58%
5Luis Boa MortePortuguese26
58%
10Danny MurphyEnglish17
50%
13Andrew JohnsonEnglish13
42%
16Andy ColeEnglish12
42%
7Bobby ZamoraEnglish20
42%
7Collins JohnEnglish20
42%
11Damien DuffIrish15
42%
13Simon DaviesWelsh13
33%
2Steed MalbranqueFrench32
33%
19Steve MarletFrench11
25%
13Barry HaylesEnglish13
17%
16Heidar HelgusonIcelandic12
17%
16Diomansy KamaraSenegalese12
8%
12Steve SidwellEnglish14
8%
20Tomasz RadzinskiPolish10
8%

Score Distribution

Percentile by Number Answered

Percent of People with Each Score

Your Score History

You have not taken this quiz